000 00714nam a2200205Ii 4500
003 JO-AjNU
008 230605s9999||||xx |||||||||||||| ||und||
017 _a2002/7/1793
040 _aJO-AjNU
_bara
_erda
_cJO-AjNU
041 _aara
050 1 4 _aQ179. 94 .Q26 2002
100 3 _aقندلجي، عامر ,
_eauthor
_956951
245 0 0 _aالبحث العلمي واستخدام مصادر المعلومات التقليدية والإلكترونية
264 3 1 _aعمان : دار اليازوري ، 2002
300 _a390ص
336 _atext
_btxt
_2rdacontent
337 _aunmediated
_bn
_2rdamedia
338 _avolume
_bnc
_2rdacarrier
650 4 _aمصادر المعلومات- البحث
_956952
999 _aA25493
_c29061
_d29061